000
00258nam a2200109 a 4500
005
20200930075818.0
008
120120s1981 000 spa d
020
_a
0823013065
245
0
_a
The desing concept.
260
_a
New York,
_c
1981.
999
_c
36073
_d
36073
040
_a
DO-SdBNP